Statistics for Elements with One-Letter Symbols

Click here to take the quiz!

General Stats

  • This quiz has been taken 52,303 times
  • The average score is 11 of 14

Answer Stats

SymbolElement% Correct
OOxygen
97%
CCarbon
95%
HHydrogen
95%
NNitrogen
89%
KPotassium
89%
BBoron
85%
UUranium
84%
SSulfur
80%
IIodine
78%
FFluorine
73%
PPhosphorus
71%
WTungsten
52%
VVanadium
49%
YYttrium
48%

Score Distribution

Percentile by Number Answered

Percent of People with Each Score

Your Score History

You have not taken this quiz